000 01077nmm a2200349 a 4500
001 ocm0001520492
003 TR-IsHL
005 20201028162538.0
008 170122s2015 tu tur
007 cr cn
020 _a9786051627212
035 _a1520492
_b(N$T)
050 0 4 _aBP161.3
_b.Y45 2015
090 0 4 _aBP161.3
_b.Y45 2015
100 1 _aYeken, Osman Sungur
245 1 0 _aÂşık da mı olmayalım?
_h[electronic resource] /
_cOsman Sungur Yeken
250 _aİkinci basım
260 _aİstanbul :
_bGenç Nesil,
_c2015
300 _a161 p.
650 4 _aFelsefe, Psikoloji ve Din
650 4 _aPhilosophy, Psychology and Religion
650 0 _aİslam
_x 21. yüzyıl
650 0 _aIslam
_x 21st century
650 0 _aAllah (İslam)
650 0 _aGod (Islam)
650 0 _aTasavvuf
650 0 _aSufism
650 0 _aDini yaşam
_x İslam
650 0 _aReligion life
_x Islam
650 7 _aRELIGION / Islam / General
_2bisacsh
856 4 0 _uhttp://search.ebscohost.com/login.aspx?direct=true&scope=site&db=e011xww&AN=1520492
999 _c14820
_d14820